000 00984nmm a2200289 a 4500
001 ocm000580765
003 TR-IsHL
005 20201028121023.0
008 130705s1996 tu tur
007 cr cn
020 _a9789753860291
035 _a580765
_b(N$T)
050 0 4 _aPR5819.A1
_b.D47 1996
090 0 4 _aPR5819.A1
_b.D47 1996
100 1 _aWilde, Osear
245 1 0 _aDe Profundis: mektup
_h[electronic resource] /
_cOsear Wilde ; çev. Yaşar Günenç
250 _a1. bs.
260 _aİstanbul :
_bYaba Yayınları,
_c1996
300 _a128 p.
650 4 _aDil ve Edebiyat
650 4 _aLanguage and Literature
650 0 _aYazarlar, İrlanda, 19. yy.
_x Mektuplar
650 0 _aAuthors, Irish, 19th century
_x Correspondence
650 7 _aLITERARY CRITICISM / European / English, Irish, Scottish, Welsh
_2bisacsh
700 1 _aGünenç, Yaşar
856 4 0 _uhttp://search.ebscohost.com/login.aspx?direct=true&scope=site&db=e011xww&AN=580765
999 _c1098
_d1098